Loading...
| Current Events | 5 | 10.00 | 80% | 20% | 0% |
| Fine Arts - Classical Music | 6 | 15.00 | 100% | 50% | 0% |
| Fine Arts - Other | 9 | 13.33 | 89% | 33% | 11% |
| Fine Arts - Painting & Sculpture | 8 | 10.00 | 75% | 25% | 0% |
| Geography | 5 | 12.00 | 80% | 40% | 0% |
| History - American | 7 | 10.00 | 71% | 29% | 0% |
| History - European | 6 | 13.33 | 100% | 33% | 0% |
| History - Other | 11 | 13.64 | 100% | 27% | 9% |
| History - World | 8 | 8.75 | 75% | 0% | 13% |
| Literature - American | 7 | 8.57 | 57% | 29% | 0% |
| Literature - British | 8 | 5.00 | 50% | 0% | 0% |
| Literature - European | 7 | 10.00 | 71% | 29% | 0% |
| Literature - World | 5 | 8.00 | 60% | 20% | 0% |
| Mythology | 5 | 6.00 | 60% | 0% | 0% |
| Other Academic | 7 | 15.71 | 86% | 57% | 14% |
| Philosophy | 11 | 7.27 | 55% | 18% | 0% |
| Religion | 6 | 11.67 | 83% | 33% | 0% |
| Science - Biology | 9 | 16.67 | 89% | 33% | 44% |
| Science - Chemistry | 7 | 14.29 | 100% | 43% | 0% |
| Science - Other | 11 | 16.36 | 91% | 64% | 9% |
| Science - Physics | 6 | 18.33 | 83% | 67% | 33% |
| Social Science | 7 | 12.86 | 100% | 29% | 0% |